Gaming Quiz

Random Gaming or Mario Quiz
Score 0/26 Timer 05:00
18 Plays Today
% Correct
Luigi
92.1%
Donkey Kong
85.1%
Tetris
80.6%
Pokémon
79.4%
Zelda
77.4%
Yoshi
77.3%
Bowser
77.2%
Nintendo
76.5%
Sony
76.3%
Croft
75.5%
Xbox
74.1%
James
73.3%
Mortal Kombat
69.1%
% Correct
U
67.5%
Atari
65.5%
God of War
62.4%
Inky
61.1%
Warcraft
60.5%
Final Fantasy
58.9%
Knuckles
58.8%
Resident Evil
54.7%
Vega
51.8%
Q*bert
51.2%
Halo
48.9%
Ōkami
47.9%
Ecco
46.7%
Remove Ads.
Support Sporcle.
Get the best of Sporcle when you Go Orange. This ad-free experience offers more features, more stats, and more fun while also helping to support Sporcle. Thank you for becoming a member.

You're not logged in!

Compare scores with friends on all Sporcle quizzes.
OR
Log In

Sporcle TV

Today on Sporcle TV


Watch our educational content, quiz creation guides, and fun videos on Sporcle TV.

Show Comments

Extras

Top Quizzes Today


Score Distribution

Paid Content

Your Account Isn't Verified!

In order to create a playlist on Sporcle, you need to verify the email address you used during registration. Go to your Sporcle Settings to finish the process.

Report this User

Report this user for behavior that violates our Community Guidelines.

Details: